Most Streamed OutKast Songs - Statistics

General Stats
  • This quiz has been taken 72 times
    18 since last reset
  • The average score is 8 of 20
Answer Stats
# Streams Answer % Correct
1 1,819,267,589 Hey Ya!
100%
2 1,520,423,390 Ms. Jackson
88%
8 172,036,201 Rosa Parks
69%
3 433,453,991 Roses
63%
9 128,158,769 B.O.B. - Bombs Over Baghdad
56%
4 404,952,557 So Fresh, So Clean
56%
5 296,417,682 The Way You Move
50%
6 253,729,167 ATLiens
44%
10 79,973,381 SpottieOttieDopaliscious
38%
17 48,186,597 Aquemini
31%
12 68,126,206 Da Art of Storytellin' (Pt. 1)
25%
11 70,339,007 Elevators (Me & You)
25%
14 66,152,919 Player's Ball
25%
19 30,557,267 Southernplayalisticadillacmuzik
25%
16 50,274,413 Jazzy Belle
19%
7 174,731,393 Int'l Players Anthem (I Choose You)
13%
15 56,414,522 Prototype
13%
13 67,970,466 Street Talkin'
13%
20 30,283,386 The Whole World
13%
18 33,159,984 Two Dope Boyz (In a Cadillac)
6%
No matching quizzes found
Score Distribution
Percent of People with Each Score
Percentile by Number Answered
Your Score History
You have not taken this quiz since the last reset